000 00795nam a22002537a 4500
003 OSt
005 20150327114044.0
008 150327b xxu||||| |||| 00| 0 eng d
020 _a84-491-0657-5
040 _cBMC
082 _a863.3959
082 _a641.013464
082 _a641.55
082 _a641.55800
100 1 _aZarzalejos, María
_933162
245 1 0 _aDon Quijote gastronómico
_cMaría Zarzalejos
260 _a[Madrid]
_bMinisterio de Agricultura, Pesca y Alimentación
_c[2005]
300 _a299 p.
_bil.
_c30 cm
600 1 4 _aCervantes Saavedra, Miguel de
_d1547-1616
_tDon Quijote de la Mancha
_926819
650 2 4 _aGastronomía
_933149
_zCastilla-La Mancha
650 2 4 _aCocina
_xRecetas
_925879
650 2 4 _aCocina
_xEn la literatura
_933151
942 _2ddc
_cBK
_hahoj
999 _c19933
_d19933